[Event "19th Voronezh Master Open"]
[Site "Voronezh RUS"]
[Date "2015.06.14"]
[Round "3.13"]
[White "Sargissyan, Sargis"]
[Black "Tukhaev, Adam"]
[Result "0-1"]
[WhiteTitle "FM"]
[BlackTitle "GM"]
[WhiteElo "2313"]
[BlackElo "2552"]
[WhiteFideId "13303210"]
[BlackFideId "14109476"]
[EventDate "2015.06.12"]

1. e4 Nf6 2. e5 Nd5 3. Nc3 Nxc3 4. dxc3 d6 5. Bc4 Nc6 6. Nf3 dxe5 7. Qxd8+ Nxd8
8. Nxe5 e6 9. Bb5+ c6 10. Bc4 f6 11. Nd3 e5 12. Be3 Be6 13. Bxe6 Nxe6 14. O-O-O
Bd6 15. Rhf1 e4 16. Ne1 O-O-O 17. g3 Kc7 18. f3 Bc5 19. Bxc5 Nxc5 20. fxe4 Rxd1+
21. Kxd1 Nxe4 22. Nd3 Re8 23. Rf4 Re7 24. Nf2 Nd6 25. c4 c5 26. g4 b6 27. Kd2
Re5 28. b3 h5 29. h3 h4 30. a4 Re8 31. Rf3 Nf7 32. Rf5 a5 33. Rh5 Ng5 34. Kd3
Rd8+ 35. Ke3 Re8+ 36. Kd3 Nf3 37. Rh7 Re7 38. Nd1 Rd7+ 39. Ke2 Ng1+ 40. Ke1 Nf3+
41. Ke2 Ng1+ 42. Ke1 g5 43. Rxd7+ Kxd7 44. Nf2 Ke6 45. Kd2 Nf3+ 46. Ke3 Nd4 47.
c3 Nxb3 48. Nd3 f5 49. Nf2 Nc1 50. Kd2 Na2 51. Kc2 fxg4 0-1

[Event "19th Voronezh Master Open"]
[Site "Voronezh RUS"]
[Date "2015.06.14"]
[Round "3.14"]
[White "Lomasov, Semen"]
[Black "Rozum, Ivan"]
[Result "1/2-1/2"]
[WhiteTitle "FM"]
[BlackTitle "GM"]
[WhiteElo "2305"]
[BlackElo "2539"]
[WhiteFideId "24164879"]
[BlackFideId "24104272"]
[EventDate "2015.06.12"]

1. e4 c6 2. Nc3 d5 3. d4 dxe4 4. Nxe4 Bf5 5. Ng3 Bg6 6. Nh3 e6 7. Nf4 Bd6 8. h4
Qc7 9. Nxg6 hxg6 10. Ne4 Bf4 11. Bxf4 Qxf4 12. Ng5 Nd7 13. g3 Qc7 14. Bd3 Ndf6
15. Qe2 O-O-O 16. O-O-O Nh6 17. Bc4 Nh7 18. Nxh7 Rxh7 19. h5 gxh5 20. Rxh5 Rhh8
21. c3 g6 22. Re5 Nf5 23. g4 Nd6 24. Bb3 Rh2 25. Qf3 Rdh8 26. Rde1 R2h3 27. Qf4
Rh1 28. Qf3 Rxe1+ 29. Rxe1 Qe7 30. Qf4 Ne8 31. Qe5 Rh4 32. Bd1 Nf6 33. g5 Nd5
34. Qg3 Rh8 35. Bf3 Qc7 36. Re5 Nb6 37. Qg4 Nd7 38. Re1 Rh5 39. Rh1 Rxh1+ 40.
Bxh1 Qh2 41. Qf3 Kd8 42. Bg2 Ke8 43. Kc2 Nf8 44. Qg4 Nd7 45. c4 Qg1 46. Qg3 Qe1
47. Qf4 Qe2+ 48. Kc3 a5 49. Qd2 Qg4 50. f4 Qg3+ 51. Kc2 Nb6 52. b3 a4 53. Be4
Qg1 54. Kb2 axb3 55. axb3 Kd7 56. Ka2 Kc8 57. Kb2 Nd7 58. Ka2 Kb8 59. Bc2 Nb6
60. Be4 Qg3 61. Kb2 Kc7 62. Bc2 Qg1 63. Ka2 Nc8 64. Qa5+ Kd7 65. Qe5 Qf2 66. Kb1
Nd6 67. Qf6 b6 68. Qe5 c5 69. dxc5 bxc5 70. Qf6 Qe3 71. Kb2 Kc6 72. Kb1 Qd2 73.
Qe5 Kb6 74. Kb2 Kc6 75. Kb1 Qb4 76. Ka2 Qa5+ 77. Kb2 Qc7 78. Kc3 Kb6 79. Bd3 Ka6
80. b4 Kb6 81. Kb3 Qc6 82. Qe3 Qc8 83. Qe5 Qc7 84. Qe3 Ne8 85. Be2 Qd6 86. Kc3
Nc7 87. bxc5+ Qxc5 88. Kd3 Na6 89. Qd4 Nb4+ 90. Ke4 Nc6 91. Qxc5+ Kxc5 92. Bd3
Kb4 93. Be2 Kc3 94. Bf1 Kb3 95. Bd3 Kb4 96. Be2 Kc5 97. Bd3 Kb4 1/2-1/2

[Event "19th Voronezh Master Open"]
[Site "Voronezh RUS"]
[Date "2015.06.14"]
[Round "3.15"]
[White "Zontakh, Andrey"]
[Black "Korchmar, Vasiliy"]
[Result "1/2-1/2"]
[WhiteTitle "GM"]
[BlackTitle "IM"]
[WhiteElo "2538"]
[BlackElo "2393"]
[WhiteFideId "14101130"]
[BlackFideId "24131750"]
[EventDate "2015.06.12"]

1. d4 d5 2. c4 c6 3. Nf3 Nf6 4. Nc3 a6 5. a4 e6 6. Bf4 a5 7. e3 Be7 8. g4 O-O 9.
g5 Ne4 10. h4 c5 11. Bd3 Nxc3 12. bxc3 dxc4 13. Be4 cxd4 14. exd4 Nd7 15. Qb1 f5
16. Bxb7 Bxb7 17. Qxb7 Nb6 18. Bc7 Qd5 19. Qxb6 Qe4+ 20. Kf1 Qxf3 21. Qxe6+ Kh8
22. Kg1 Qxc3 23. Kg2 Rae8 24. Rac1 Qxd4 25. Rxc4 Qd3 26. Rh3 Qd1 27. Rh1 Qd3 28.
Rh3 Qd1 29. Rh1 Qd3 30. Rh3 Qd1 1/2-1/2

[Event "19th Voronezh Master Open"]
[Site "Voronezh RUS"]
[Date "2015.06.15"]
[Round "4.1"]
[White "Papin, Vasily"]
[Black "Stukopin, Andrey"]
[Result "1/2-1/2"]
[WhiteTitle "GM"]
[BlackTitle "GM"]
[WhiteElo "2480"]
[BlackElo "2580"]
[WhiteFideId "4143183"]
[BlackFideId "24107131"]
[EventDate "2015.06.12"]

1. c4 e5 2. g3 Nf6 3. Bg2 Nc6 4. a3 a5 5. Nc3 Bc5 6. e3 O-O 7. Nge2 Re8 8. O-O
d6 9. d3 Bd7 10. h3 Qc8 11. Kh2 h6 12. b3 Nh7 13. d4 exd4 14. exd4 Ba7 15. Nb5
Bb8 16. d5 Ne7 17. Nf4 Nf5 18. Bb2 Qd8 19. Qd3 Qg5 20. Rae1 Rxe1 21. Rxe1 Nf8
22. Nc3 h5 23. Ne4 Qh6 24. Qf3 Ba7 25. Nxh5 Bd4 26. Bc1 Qh8 27. Rd1 Be5 28. Nf4
Re8 29. Bd2 Nd4 30. Qd3 a4 31. b4 Nb3 32. Bc3 Bxf4 33. gxf4 Qh4 34. Qg3 Ng6 35.
Qxh4 Nxh4 36. Bh1 f6 37. Ng3 Kf7 38. Be4 Ng6 39. f5 Nf4 40. Bf3 Rh8 41. Bg4 b5
42. c5 dxc5 43. bxc5 Nxc5 44. Bd4 Ncd3 45. Be3 c5 46. dxc6 Bxc6 47. Nh5 Nxh5 48.
Rxd3 g5 49. Rd6 Be8 50. Bd4 Rh6 51. Bxh5+ Rxh5 52. Rxf6+ Ke7 53. Re6+ Kf7 54.
Rf6+ Kg8 55. Kg3 Rh4 56. Bc5 Bf7 57. Rb6 Rf4 58. Rxb5 Rxf5 59. Rb8+ Kh7 60. Be3
Kg6 61. Rb6+ Rf6 62. Rb4 Bb3 63. Rg4 Rf5 64. h4 Bd1 65. Rxg5+ Rxg5+ 66. Bxg5 Kf5
67. f3 Bb3 68. Kf2 Bf7 69. Ke3 Bh5 70. f4 Bg6 71. Kd4 Bf7 72. Kc5 Be8 73. Kd6
Bh5 74. Ke7 Bd1 75. Kf7 Bh5+ 76. Kg7 Be2 77. Kh6 Bf3 78. h5 Bd1 79. Bd8 Be2 80.
Bc7 1/2-1/2

[Event "19th Voronezh Master Open"]
[Site "Voronezh RUS"]
[Date "2015.06.15"]
[Round "4.2"]
[White "Demidov, Mikhail"]
[Black "Belyakov, Bogdan"]
[Result "1/2-1/2"]
[WhiteTitle "IM"]
[BlackTitle "IM"]
[WhiteElo "2507"]
[BlackElo "2477"]
[WhiteFideId "4197143"]
[BlackFideId "24104795"]
[EventDate "2015.06.12"]

1. Nc3 Nf6 2. e4 e5 3. Nf3 Nc6 4. d4 exd4 5. Nxd4 Bb4 6. Nxc6 bxc6 7. Bd3 O-O 8.
O-O Re8 9. Qf3 Rb8 10. Bg5 Bd6 11. Rab1 Be5 12. Bf4 Qe7 13. Bxe5 Qxe5 14. Qg3
Qxg3 15. hxg3 a5 16. Rfd1 d6 17. f3 Be6 18. b3 Nd7 19. Bf1 f5 20. Rbc1 Nc5 21.
Bd3 fxe4 22. Nxe4 Nxd3 23. cxd3 Bd7 24. d4 Rb4 25. Nc3 Kf7 26. Kf2 h6 27. Rd2
Rb6 28. Rh1 Ra6 29. Rh5 Raa8 30. Rc2 Ra6 31. Re2 Rxe2+ 32. Kxe2 Ra8 33. Kd2 Ke7
34. Rh4 Bf5 35. Rh5 Bg6 36. Rh1 Rb8 37. Rc1 Rb4 38. Ke3 Be8 39. Rh1 Bg6 40. Na4
Rb8 41. Rc1 Kd7 42. Nb2 Bf7 43. Rc3 Rb5 44. g4 Bg6 45. Rc1 Bf7 46. Na4 Rg5 47.
Rc2 Rg6 48. Nc3 Re6+ 49. Kd2 Rg6 50. Kc1 Re6 51. Kd2 Rg6 52. Ke3 Re6+ 53. Kf2
Re8 54. Rc1 Bg6 55. Rd1 1/2-1/2

[Event "19th Voronezh Master Open"]
[Site "Voronezh RUS"]
[Date "2015.06.15"]
[Round "4.3"]
[White "Tukhaev, Adam"]
[Black "Kokarev, Dmitry"]
[Result "1-0"]
[WhiteTitle "GM"]
[BlackTitle "GM"]
[WhiteElo "2552"]
[BlackElo "2639"]
[WhiteFideId "14109476"]
[BlackFideId "4132181"]
[EventDate "2015.06.12"]

1. e4 c5 2. Nf3 d6 3. d4 cxd4 4. Nxd4 Nf6 5. Nc3 a6 6. Be3 e5 7. Nb3 Be6 8. h3
Nbd7 9. g4 b5 10. Bg2 Nb6 11. g5 Nfd7 12. Na5 Rc8 13. O-O Nc4 14. Nxc4 Bxc4 15.
a4 Be7 16. axb5 axb5 17. Ra7 Rc7 18. Rxc7 Qxc7 19. Nd5 Qd8 20. Qg4 O-O 21. Ra1
Bxd5 22. exd5 f5 23. gxf6 Rxf6 24. Qb4 Rg6 25. Qxb5 Bg5 26. Qd3 Bf4 27. Qf5 Bxe3
28. fxe3 Rf6 29. Qg4 Rg6 30. Qe4 Qb6 31. b3 Rg5 32. Ra8+ Kf7 33. Kf2 Nf6 34. Qa4
Kg6 35. Bf3 Qb7 36. Ke2 Rg3 37. Be4+ Kh6 38. Bf5 e4 39. Bxe4 Qb6 40. Bf3 Rxh3
41. Qf4+ Kg6 42. Rf8 Qb5+ 43. c4 Qxb3 44. Rxf6+ gxf6 45. Qg4+ Kf7 46. Qxh3 Qxc4+
47. Kf2 Qa2+ 48. Kg3 Qb1 49. Qe6+ Kg7 50. Qe7+ Kg8 51. Qxf6 Qg1+ 52. Kf4 Qh2+
53. Kf5 Qh3+ 54. Ke4 1-0

[Event "19th Voronezh Master Open"]
[Site "Voronezh RUS"]
[Date "2015.06.15"]
[Round "4.4"]
[White "Aleksandrov, Aleksej"]
[Black "Potapov, Pavel"]
[Result "1-0"]
[WhiteTitle "GM"]
[BlackTitle "IM"]
[WhiteElo "2607"]
[BlackElo "2478"]
[WhiteFideId "13500139"]
[BlackFideId "4169786"]
[EventDate "2015.06.12"]

1. d4 f5 2. Nf3 Nf6 3. c4 g6 4. e3 Bg7 5. b4 O-O 6. Bb2 d6 7. Nbd2 Kh8 8. Qc2 c6
9. a4 Be6 10. Be2 Bg8 11. O-O Nbd7 12. Rfe1 Qc7 13. Bf1 Rae8 14. Rac1 e5 15.
dxe5 Nxe5 16. Nxe5 dxe5 17. e4 f4 18. c5 g5 19. Nc4 Bxc4 20. Qxc4 f3 21. g3 Rd8
22. Rcd1 Qe7 23. b5 g4 24. bxc6 bxc6 25. Ba3 Ne8 26. Qa6 Rxd1 27. Rxd1 Qc7 28.
Bb4 Nf6 29. Ba5 Qc8 30. Qxa7 Nxe4 31. Rd7 Rg8 32. Bc4 Nf6 33. Bxg8 Qxd7 34. Qxd7
Nxd7 35. Bd5 Nxc5 36. Bxc6 e4 37. Bb6 Bd4 38. a5 e3 39. fxe3 Bxe3+ 40. Kf1 Bd2
41. Bxc5 Bxa5 42. Be8 1-0

[Event "19th Voronezh Master Open"]
[Site "Voronezh RUS"]
[Date "2015.06.15"]
[Round "4.5"]
[White "Ponomarev, Dmitry"]
[Black "Maletin, Pavel"]
[Result "1-0"]
[WhiteTitle "IM"]
[BlackTitle "GM"]
[WhiteElo "2409"]
[BlackElo "2587"]
[WhiteFideId "24112046"]
[BlackFideId "4146786"]
[EventDate "2015.06.12"]

1. d4 d5 2. Nf3 Bf5 3. c4 e6 4. Nc3 c6 5. Qb3 Qb6 6. c5 Qc7 7. Bf4 Qc8 8. Nh4
Ne7 9. Nxf5 Nxf5 10. O-O-O g6 11. e4 Ne7 12. h4 h5 13. Bd6 Nd7 14. f3 b6 15. g4
Qd8 16. Ba6 bxc5 17. dxc5 Nc8 18. exd5 cxd5 19. Rhe1 Bxd6 20. Qxd5 Bf4+ 21. Kb1
Ne7 22. Qe4 Bg3 23. Rxd7 Kxd7 24. Rd1+ Ke8 25. Rxd8+ Rxd8 26. Ne2 Bb8 27. Bb5+
Kf8 28. g5 Nf5 29. Qb7 Kg7 30. Bd7 Rhf8 31. c6 Be5 32. Qb5 Bc7 33. Qa4 Bb6 34.
a3 Kh7 35. Nc3 Kg7 36. Ka2 Nd4 37. c7 Rc8 38. Bxc8 Rxc8 39. Ne4 Rxc7 40. Qe8 Bc5
41. Nf6 Bf8 42. Qa4 1-0

[Event "19th Voronezh Master Open"]
[Site "Voronezh RUS"]
[Date "2015.06.15"]
[Round "4.6"]
[White "Bocharov, Dmitry"]
[Black "Golubov, Saveliy"]
[Result "1/2-1/2"]
[WhiteTitle "GM"]
[WhiteElo "2580"]
[BlackElo "2433"]
[WhiteFideId "4138716"]
[BlackFideId "24176729"]
[EventDate "2015.06.12"]

1. d4 Nf6 2. c4 g6 3. Nc3 Bg7 4. g3 O-O 5. Bg2 d6 6. Nf3 Nc6 7. O-O Bd7 8. d5
Na5 9. Qd3 c5 10. e4 a6 11. e5 Ng4 12. exd6 exd6 13. Bg5 Qc7 14. h3 Bf5 15. Ne4
Nf6 16. Bxf6 Bxe4 17. Qxe4 Bxf6 18. Rab1 b5 19. b3 Rfe8 20. Qf4 Bg7 21. h4 h5
22. Rfe1 Rxe1+ 23. Rxe1 Qd8 24. Bf1 bxc4 25. bxc4 Qf6 26. Rb1 Qxf4 27. gxf4 Kf8
28. Kg2 Ra7 29. Rb6 Ke7 30. Bd3 f5 31. Ng5 Bc3 32. Rb8 Rb7 33. Rg8 Kf6 34. Re8
Rb6 35. Re6+ Kg7 36. Nf3 Nb7 37. Ne5 Bxe5 38. fxe5 Kf7 39. Kg3 Nd8 40. Rf6+ Kg7
41. f4 Nb7 42. Re6 Kf7 43. Kf3 a5 44. Ke3 a4 45. Kd2 a3 46. Kc3 Rb2 47. exd6 Rb6
48. Re7+ Kf8 49. Rc7 Ke8 50. Rc8+ Kd7 51. Ra8 Nxd6 52. Rxa3 Kc7 53. Ra5 Nb7 54.
Ra8 Rd6 55. Rg8 Ra6 56. a4 Rd6 57. Bc2 Ra6 58. Bb3 Nd6 59. a5 Ne4+ 60. Kc2 Kd7
61. Ba4+ Ke7 62. Bb5 Rxa5 63. Rxg6 Ra2+ 64. Kc1 Rf2 65. Re6+ Kf7 66. Be8+ Kf8
67. Bxh5 Rxf4 68. Bg6 Rxh4 69. Bxf5 Ng5 70. Rg6 Rxc4+ 71. Kd2 Nf7 72. Ke3 Rd4
73. Be6 1/2-1/2

[Event "19th Voronezh Master Open"]
[Site "Voronezh RUS"]
[Date "2015.06.15"]
[Round "4.7"]
[White "Maiorov, Nikita1"]
[Black "Egorov, Pavel"]
[Result "1-0"]
[WhiteTitle "GM"]
[WhiteElo "2560"]
[BlackElo "2161"]
[WhiteFideId "13501720"]
[BlackFideId "24122637"]
[EventDate "2015.06.12"]

1. d4 Nf6 2. c4 g6 3. Nf3 Bg7 4. g3 O-O 5. Bg2 d6 6. O-O Nc6 7. d5 Na5 8. Nfd2
c5 9. a3 b6 10. b4 cxb4 11. axb4 Nb7 12. Nb3 Ng4 13. Ra2 a5 14. Nd4 Bxd4 15.
Qxd4 f6 16. h3 Ne5 17. Bh6 Re8 18. Be3 Bf5 19. Nd2 axb4 20. Rb2 h5 21. f4 Nd7
22. Bf2 Ndc5 23. Rxb4 Na5 24. e4 e5 25. fxe5 fxe5 26. Qe3 Bd7 27. Qh6 Re7 28.
Qxg6+ Rg7 29. Qxd6 Nd3 30. Rxb6 Nxf2 31. Rxf2 Rxg3 32. Rf6 Nc6 33. Rg6+ Rxg6 34.
Qxg6+ Kh8 35. Rb1 Be8 36. Qh6+ Kg8 37. Rf1 Nb8 1-0

[Event "19th Voronezh Master Open"]
[Site "Voronezh RUS"]
[Date "2015.06.15"]
[Round "4.8"]
[White "Kozlitin, Oleg"]
[Black "Fedorov, Alexei"]
[Result "0-1"]
[WhiteTitle "IM"]
[BlackTitle "GM"]
[WhiteElo "2342"]
[BlackElo "2555"]
[WhiteFideId "4143590"]
[BlackFideId "13500465"]
[EventDate "2015.06.12"]

1. e4 c5 2. Nf3 Nc6 3. d4 cxd4 4. Nxd4 Qb6 5. Nb3 Nf6 6. Nc3 e6 7. Qe2 Bb4 8.
Bd2 O-O 9. a3 Be7 10. f4 d5 11. e5 Ne8 12. O-O-O f6 13. exf6 Bxf6 14. g3 Nd6 15.
Be3 Qc7 16. Nb5 Nxb5 17. Qxb5 Kh8 18. Qe2 e5 19. Bg2 d4 20. Bd2 Re8 21. Rhe1 Bf5
22. Be4 exf4 23. Bxf4 Bg5 24. Bxg5 Bxe4 25. Qxe4 Rxe4 26. Rxe4 Qf7 27. Bf4 Qd5
28. Rde1 h6 29. Kd2 Kh7 30. Nc1 g5 31. Be5 Re8 32. Nd3 a5 33. a4 Re7 34. R1e2
Kg6 35. Re1 Kh7 36. R1e2 Qe6 37. b3 Qf5 38. Re1 Qg6 39. R1e2 Kg8 40. Re1 Qf5 41.
R4e2 Qd7 42. Re4 Qd5 43. R4e2 b5 44. axb5 Qxb5 45. Bd6 Rxe2+ 46. Rxe2 a4 47.
bxa4 Qa5+ 48. Kd1 Qxa4 49. Rf2 Qa1+ 50. Ke2 Qh1 51. Kd2 Qd5 52. Bc7 Na7 53. Re2
Nb5 54. Ba5 Nd6 55. Bb4 Nc4+ 56. Kc1 Ne3 57. Kb2 Qf3 58. Nc1 Kf7 59. Ka2 Qa8+
60. Kb2 Qf3 61. Ka2 Kg6 62. Rd2 Qa8+ 63. Ba3 Nc4 64. Rd3 Qa4 0-1

[Event "19th Voronezh Master Open"]
[Site "Voronezh RUS"]
[Date "2015.06.15"]
[Round "4.9"]
[White "Pasiev, Rakhim"]
[Black "Lintchevski, Daniil"]
[Result "0-1"]
[WhiteTitle "IM"]
[BlackTitle "GM"]
[WhiteElo "2398"]
[BlackElo "2557"]
[WhiteFideId "24122475"]
[BlackFideId "4171055"]
[EventDate "2015.06.12"]

1. e4 c5 2. Nf3 Nf6 3. Nc3 Nc6 4. Bb5 Qc7 5. O-O Nd4 6. Re1 a6 7. Bf1 Ng4 8. g3
Nxf3+ 9. Qxf3 Ne5 10. Qe2 e6 11. Bg2 d6 12. d3 Be7 13. Be3 O-O 14. f4 Nc6 15.
Nd1 b6 16. c3 a5 17. a4 Ba6 18. Qd2 Rad8 19. Bf2 Rfe8 0-1

[Event "19th Voronezh Master Open"]
[Site "Voronezh RUS"]
[Date "2015.06.15"]
[Round "4.10"]
[White "Bukavshin, Ivan"]
[Black "Kozionov, Kirill"]
[Result "1-0"]
[WhiteTitle "GM"]
[BlackTitle "IM"]
[WhiteElo "2647"]
[BlackElo "2401"]
[WhiteFideId "4199758"]
[BlackFideId "24101729"]
[EventDate "2015.06.12"]

1. d4 d5 2. c4 c6 3. Nf3 Nf6 4. Nc3 e6 5. e3 Nbd7 6. Qc2 Bd6 7. Bd3 dxc4 8. Bxc4
O-O 9. O-O b5 10. Bd3 Bb7 11. a3 h6 12. Rd1 a6 13. e4 e5 14. h3 Qc7 15. Be3 Rfe8
16. Kh1 Rad8 17. Bf1 exd4 18. Nxd4 Bf4 19. Bxf4 Qxf4 20. f3 c5 21. Nf5 Nf8 22.
Ne2 Qe5 23. Qc3 Qxc3 24. Nxc3 Ne6 25. a4 b4 26. Na2 a5 27. Bb5 Rf8 28. Nd6 Ba8
29. Nc4 Nd4 30. Nxa5 Nxb5 31. Rxd8 Rxd8 32. axb5 Rb8 33. Nc1 Rxb5 34. Nc4 Bc6
35. Ne5 Bd7 36. Ra8+ Kh7 37. Nxf7 c4 38. Rh8+ Kg6 39. Nd6 c3 40. Nd3 cxb2 41.
Nxb2 Rb6 42. Ndc4 Rb5 43. Nd3 b3 44. h4 Kh5 45. Rd8 Rb7 46. e5 Nd5 47. Nc5 Rc7
48. Nxb3 Kxh4 49. Nbd2 Be6 50. Rd6 Nf4 51. Ne3 Bg8 52. Kh2 Ne6 53. Ne4 Kh5 54.
Nd5 1-0

[Event "19th Voronezh Master Open"]
[Site "Voronezh RUS"]
[Date "2015.06.15"]
[Round "4.11"]
[White "Ponkratov, Pavel"]
[Black "Korchmar, Vasiliy"]
[Result "1/2-1/2"]
[WhiteTitle "GM"]
[BlackTitle "IM"]
[WhiteElo "2610"]
[BlackElo "2393"]
[WhiteFideId "4157800"]
[BlackFideId "24131750"]
[EventDate "2015.06.12"]

1. d4 d5 2. c4 c6 3. Nc3 Nf6 4. Nf3 a6 5. Qc2 dxc4 6. e4 b5 7. a4 e6 8. Bg5 Bb7
9. Be2 Nbd7 10. O-O h6 11. Bh4 g5 12. Bg3 Nh5 13. d5 Nxg3 14. fxg3 Qb6+ 15. Kh1
exd5 16. exd5 O-O-O 17. dxc6 Qxc6 18. axb5 axb5 19. Ra5 b4 20. Nb5 Kb8 21. Nbd4
Qc7 22. Qf5 Bc5 23. Rfa1 Rhe8 24. Bf1 Bxd4 25. Nxd4 Re5 26. Rxe5 Qxe5 27. Qf2
Qc5 28. Rd1 c3 29. bxc3 bxc3 30. g4 Kc8 31. Rc1 Nb6 32. Qf5+ Qxf5 33. Rxc3+ Kb8
34. Nxf5 Rd1 35. Ne3 Rb1 36. Kg1 Nd5 37. Nxd5 Bxd5 38. Rc2 Be4 39. Rd2 Kc7 40.
Kf2 Rc1 41. Bd3 Bxd3 42. Rxd3 Rc6 43. Rf3 f6 44. Rd3 Rd6 45. Rh3 Rd2+ 46. Kf3
Kd6 47. Rxh6 Ke5 48. Rh8 Rd3+ 49. Ke2 Ra3 50. g3 Ra2+ 51. Kd3 Ra3+ 52. Kd2 Ke4
53. Rh6 Kf3 54. Rxf6+ Kxg4 55. Ke1 Ra1+ 56. Kf2 Ra2+ 57. Kg1 Ra1+ 58. Rf1 Rxf1+
59. Kxf1 Kh3 60. Kg1 g4 61. Kh1 1/2-1/2

[Event "19th Voronezh Master Open"]
[Site "Voronezh RUS"]
[Date "2015.06.15"]
[Round "4.12"]
[White "Rodin, Dmitrij"]
[Black "Goganov, Aleksey"]
[Result "1-0"]
[WhiteTitle "FM"]
[BlackTitle "GM"]
[WhiteElo "2360"]
[BlackElo "2608"]
[WhiteFideId "4127412"]
[BlackFideId "24109959"]
[EventDate "2015.06.12"]

1. e4 c5 2. Nf3 e6 3. d4 cxd4 4. Nxd4 Nc6 5. Nc3 Qc7 6. g3 a6 7. Bg2 Nf6 8. O-O
h5 9. Nf3 d6 10. Bg5 Be7 11. Qd2 Ne5 12. a4 Bd7 13. Nxe5 dxe5 14. Rfd1 Rc8 15.
Qe2 Bc5 16. Rd3 Ng4 17. Nd1 f6 18. Bd2 g6 19. b4 Bd4 20. c3 Ba7 21. h3 Nh6 22.
Nb2 Nf7 23. Rd1 Rd8 24. Be3 Bxe3 25. Qxe3 Ke7 26. a5 Bc8 27. Na4 Rxd3 28. Rxd3
Bd7 29. Nb6 Rd8 30. Bf1 Be8 31. Rxd8 Kxd8 32. Bc4 Ke7 33. Bb3 Nd6 34. c4 g5 35.
c5 Nc8 36. Bxe6 Nxb6 37. axb6 Qd8 38. Bd5 Bc6 39. Bxc6 bxc6 40. Qb3 g4 41. hxg4
hxg4 42. Qc4 Qd1+ 43. Qf1 Qd2 44. Qxa6 Qe1+ 45. Qf1 Qxb4 46. Qd3 Qxc5 47. Qb3
Qd6 48. b7 Qb8 49. Qb6 1-0

[Event "19th Voronezh Master Open"]
[Site "Voronezh RUS"]
[Date "2015.06.15"]
[Round "4.13"]
[White "Burmakin, Vladimir"]
[Black "Sorokin, Aleksey"]
[Result "1/2-1/2"]
[WhiteTitle "GM"]
[BlackTitle "FM"]
[WhiteElo "2571"]
[BlackElo "2383"]
[WhiteFideId "4105109"]
[BlackFideId "24176460"]
[EventDate "2015.06.12"]

1. Nf3 Nf6 2. c4 g6 3. b3 Bg7 4. Bb2 O-O 5. g3 d6 6. d4 c5 7. Bg2 Qa5+ 8. Bc3
Qc7 9. d5 e6 10. dxe6 Bxe6 11. O-O Nc6 12. Ng5 Rad8 13. Nxe6 fxe6 14. Nd2 d5 15.
a3 b6 16. Qc2 a5 17. Rad1 Ne8 18. Bxg7 Nxg7 19. e3 Rd6 20. cxd5 exd5 21. Nb1 d4
22. Nd2 Kh8 23. Nc4 Rdf6 24. a4 Ne6 25. e4 g5 26. Qe2 Ne5 27. f3 Nxc4 28. bxc4
Qe5 29. Rd3 Nc7 30. Bh3 Na6 31. Ra3 Nb4 32. Qb2 Qc7 33. Qc1 h6 34. Bf5 Nc6 35.
Rb3 Ne7 36. Qb1 Rb8 37. Kg2 Nc6 38. Qc1 Rg8 39. Kh1 Ne7 40. Qb1 Rgf8 41. Rf2 Qc6
42. Kg1 Rb8 43. Rb5 Kg7 44. Rxa5 bxa5 45. Qxb8 Nxf5 46. exf5 Rxf5 47. Qa7+ 1/2-1/2

[Event "19th Voronezh Master Open"]
[Site "Voronezh RUS"]
[Date "2015.06.15"]
[Round "4.14"]
[White "Rychagov, Andrey"]
[Black "Provotorov, Ivan"]
[Result "0-1"]
[WhiteTitle "GM"]
[BlackTitle "FM"]
[WhiteElo "2561"]
[BlackElo "2357"]
[WhiteFideId "4119932"]
[BlackFideId "4154657"]
[EventDate "2015.06.12"]

1. d4 d5 2. c4 c6 3. Nf3 Nf6 4. Nc3 a6 5. a4 e6 6. Bf4 dxc4 7. e3 b5 8. axb5
cxb5 9. Nxb5 axb5 10. Rxa8 Bb4+ 11. Ke2 Nc6 12. Ne5 Ne7 13. Bg5 O-O 14. f3 h6
15. Bh4 Qd5 16. Ra1 Bb7 17. Be1 Bd6 18. Kf2 Nf5 19. Bc3 Rd8 20. Qe1 Nh5 21. Ra5
Bxe5 22. dxe5 Nf4 23. h4 Qc5 24. Bd2 Qxe5 25. Kg1 Nd3 26. Bxd3 Rxd3 27. Ra3 Rd7
28. Bc3 Qc5 29. Bb4 Qe5 30. Bc3 Qc5 31. Bb4 Qc7 32. Ba5 Qc6 33. Rh3 h5 34. Kh1
Qc5 35. Bb4 Qe5 36. e4 Nd4 37. Qf2 Nc6 38. Be1 Rd1 39. Re3 Nb4 40. f4 Qd4 41.
Kh2 Nd3 42. Qg3 Qxb2 43. f5 0-1

[Event "19th Voronezh Master Open"]
[Site "Voronezh RUS"]
[Date "2015.06.15"]
[Round "4.15"]
[White "Savchenko, Boris"]
[Black "Zhurikhin, Alexander"]
[Result "1/2-1/2"]
[WhiteTitle "GM"]
[BlackTitle "FM"]
[WhiteElo "2556"]
[BlackElo "2326"]
[WhiteFideId "4147332"]
[BlackFideId "4139569"]
[EventDate "2015.06.12"]

1. e4 c6 2. d4 d5 3. e5 c5 4. Nf3 Nc6 5. dxc5 Bg4 6. Bb5 Qa5+ 7. Nc3 e6 8. Be3
Ne7 9. a3 a6 10. Be2 Nf5 11. Bf4 Qxc5 12. Qd3 Rc8 13. O-O Be7 14. h3 Bxf3 15.
Bxf3 Qd4 16. Qxd4 Nfxd4 17. Bd1 Na5 18. Ra2 O-O 19. Re1 Rc6 20. Be3 Nf5 21. Bc1
Nd4 22. Be3 Nf5 23. Bc1 Nd4 1/2-1/2

[Event "19th Voronezh Master Open"]
[Site "Voronezh RUS"]
[Date "2015.06.16"]
[Round "5.1"]
[White "Tukhaev, Adam"]
[Black "Aleksandrov, Aleksej"]
[Result "1/2-1/2"]
[WhiteTitle "GM"]
[BlackTitle "GM"]
[WhiteElo "2552"]
[BlackElo "2607"]
[WhiteFideId "14109476"]
[BlackFideId "13500139"]
[EventDate "2015.06.12"]

1. c4 e6 2. Nc3 d5 3. d4 Bb4 4. cxd5 exd5 5. Bf4 c6 6. e3 Bd6 7. Bg3 Ne7 8. Nf3
O-O 9. Be2 Bf5 10. O-O Bxg3 11. hxg3 Nd7 12. Qb3 Nb6 13. Rfc1 Nec8 14. Qd1 a5
15. Nh4 Bd7 16. Rab1 Nd6 17. Bd3 Re8 18. a4 g6 19. b4 axb4 20. Rxb4 Bc8 21. Nf3
Kg7 22. Nd2 h5 23. Rcb1 Nd7 24. e4 dxe4 25. Ndxe4 Nf6 26. Ng5 Ra5 27. Qd2 Nd5
28. Nxd5 Rxd5 29. Nf3 Bg4 30. Ne1 Qf6 31. Nc2 c5 32. dxc5 Re2 33. Qf4 Qxf4 34.
gxf4 Rxd3 35. Ne1 Rdd2 36. cxd6 Rxf2 37. a5 h4 38. Rxb7 h3 39. a6 hxg2 40. Nd3
Rf1+ 41. Rxf1 1/2-1/2

[Event "19th Voronezh Master Open"]
[Site "Voronezh RUS"]
[Date "2015.06.16"]
[Round "5.2"]
[White "Stukopin, Andrey"]
[Black "Demidov, Mikhail"]
[Result "1-0"]
[WhiteTitle "GM"]
[BlackTitle "IM"]
[WhiteElo "2580"]
[BlackElo "2507"]
[WhiteFideId "24107131"]
[BlackFideId "4197143"]
[EventDate "2015.06.12"]

1. Nf3 d5 2. b3 Bg4 3. Bb2 Nd7 4. e3 c6 5. h3 Bxf3 6. Qxf3 Ngf6 7. d4 Qa5+ 8. c3
e5 9. dxe5 Ne4 10. Qf4 g5 11. Qf5 Bg7 12. Nd2 Nxc3 13. f4 Nc5 14. Bd3 gxf4 15.
exf4 Qb4 16. Bc2 Qd4 17. Nf1 Ne6 18. g3 Qc5 19. Rh2 Rd8 20. Qd3 Ne4 21. a3 Qb6
22. f5 N6c5 23. Qe3 O-O 24. b4 Rfe8 25. O-O-O Nd7 26. Bd4 Qa6 27. Bxe4 dxe4 28.
f6 Bf8 29. Rhd2 Nxe5 30. Bxe5 Rxd2 31. Qg5+ Kh8 32. Nxd2 Qxa3+ 33. Bb2 Qxb4 34.
Nf1 e3 35. Nxe3 h6 36. Qf4 Qxf4 37. gxf4 Rxe3 38. Rd8 Kg8 39. Be5 Rxh3 40. Bd6
Kh7 41. Rxf8 Kg6 42. Be5 h5 43. Rg8+ Kf5 44. Rg5+ Ke6 45. Bb2 Rh1+ 46. Kc2 Rh2+
47. Kb3 Kd6 48. Re5 c5 49. Re7 b5 50. Be5+ Kd5 51. Rxf7 a5 52. Rd7+ Ke6 53. f7
a4+ 54. Ka3 b4+ 55. Kxa4 Ra2+ 56. Kb5 Ra8 57. Rd6+ Kxf7 58. Kxc5 b3 59. Rf6+ Ke7
60. Rb6 Ra7 61. f5 Ra5+ 62. Kd4 Ra4+ 63. Kd5 Ra5+ 64. Ke4 Ra4+ 65. Bd4 1-0